| Tag |
First Indicator |
Second Indicator |
Subfields |
| LEADER |
00000cas a2200000 a 4500 |
| 001 |
in00000070800 |
| 005 |
20151008061919.0 |
| 008 |
800709d19801980nyuuu p r 0uuua0engmd |
| 019 |
|
|
|a 6538405
|
| 035 |
|
|
|a (OCoLC)06500553
|
| 035 |
|
|
|9 AAJ9116AM
|
| 040 |
|
|
|a EXW
|c EXW
|d m.c.
|d OCL
|d MUL
|d TXA
|d UtOrBLW
|
| 049 |
|
|
|a TXAE
|
| 090 |
|
|
|a L901
|b .L65
|
| 245 |
0 |
0 |
|a Lovejoy's prep and private school guide.
|
| 246 |
3 |
0 |
|a Prep and private school guide
|
| 264 |
|
1 |
|a New York :
|b Simon and Schuster,
|c [1980]
|
| 300 |
|
|
|a 1 volume ;
|c 29 cm.
|
| 336 |
|
|
|a text
|b txt
|2 rdacontent
|
| 337 |
|
|
|a unmediated
|b n
|2 rdamedia
|
| 338 |
|
|
|a volume
|b nc
|2 rdacarrier
|
| 362 |
0 |
|
|a 5th.
|
| 580 |
|
|
|a Supplemented by the monthly: Lovejoy's guidance digest, ISSN 0024-7022
|
| 650 |
|
0 |
|a Private schools
|z United States
|v Directories.
|
| 700 |
1 |
|
|a Lovejoy, Clarence E.
|q (Clarence Earle),
|d 1894-1974.
|
| 770 |
1 |
|
|t Lovejoy's guidance digest
|x 0024-7022
|
| 780 |
0 |
0 |
|t Lovejoy's prep school guide
|
| 999 |
|
|
|a MARS
|
| 999 |
f |
f |
|s 4ff18c68-53a0-34c7-9e53-fb258b86d36c
|i 09d10a21-df3f-386e-aaf2-a1e85a3ad379
|t 0
|
| 952 |
f |
f |
|p normal
|a Texas A&M University
|b College Station
|c Sterling C. Evans Library
|d Evans: Library Stacks
|t 0
|e L901 .L65
|h Library of Congress classification
|i unmediated -- volume
|k ed.5
|l 1980
|m A14813835267
|
| 998 |
f |
f |
|a L901 .L65
|s 5th ed. (1980)
|t 0
|l Evans: Library Stacks
|